000 00493nam a2200181Ia 4500
001 23083
005 20260414150914.0
008 260414t2002||||xx |||||||||||||| ||spa||
041 _aESP
082 _a624.1834
_bI59F
110 _aInstituto Mexicano del Cemento y del Concreto
245 0 _aMétodos para estimar la resistencia del concreto en el sitio ACI 228.1R
_b
260 _c2002
300 _a66 páginas :
_c28 cm.
650 _a0
654 _aCIC
942 _cLIB
_dJUS
_fJUS
_2ddc
_n
999 _c23083
_d23083